Cuarenta años de periodismo libre. Discurso del Presidente de la República Dr. Oscar Arias Sánchez

Zapisane w:
Opis bibliograficzny
1. autor: Arias Sánchez, Oscar
Format: Texto
Wydane: San José: Imprenta Nacional
Etykiety: Dodaj etykietę
Nie ma etykietki, Dołącz pierwszą etykiete!

MARC

LEADER 00000 a a2200000 04500
001 22863
003
040
090 |a 156800  
100 |a Arias Sánchez, Oscar  
245 |a Cuarenta años de periodismo libre. Discurso del Presidente de la República Dr. Oscar Arias Sánchez  
260 |a San José:   |b Imprenta Nacional  
300 |a 15 p.  
999 |c 13149  |d 13149